| 000 | 01102nam a22002535a 4500 | ||
|---|---|---|---|
| 003 | OSt | ||
| 005 | 20170228142901.0 | ||
| 008 | 170228s2006 ua frb 000 0 ara d | ||
| 016 | _a2006 / 9358 | ||
| 020 | _a9770498130 | ||
| 040 |
_aEG-ScBUE _bara _cEG-ScBUE |
||
| 082 | 0 | 4 |
_a347.06 _bش هـ ا _222 |
| 100 | 1 | _aشهاوي، قدري عبد الفتاح. | |
| 245 | 1 | 0 |
_aنظرية الإثبات في المواد المدنية والتجارية : _bفي التشريع المصري، العربي، الأجنبي : نصوصا - فقها - قضاء - تحليلا - قيودا - أوصافا - واقعا - عملا - تطبيقا / _cقدري عبد الفتاح الشهاوي. |
| 250 | _aط. 1. | ||
| 260 |
_aالقاهرة : _bدار النهضة العربية، _c2006. |
||
| 300 |
_a853 ص. ؛ _c24 سم. |
||
| 504 | _aيشتمل على إرجاعات ببليوجرافية. | ||
| 650 | 7 |
_aالإثبات (قانون) _2BUEsh |
|
| 650 | 7 |
_aقانون الإجراءات المدنية والتجارية. _2BUEsh |
|
| 651 | _2BUEsh | ||
| 653 |
_bLLAAWW _cFebruary2017 |
||
| 942 | _2ddc | ||
| 999 |
_c24290 _d24262 |
||